LEADER 01562nam 2200373 n 450 001 996390963003316 005 20200824121756.0 035 $a(CKB)4940000000106366 035 $a(EEBO)2240888114 035 $a(UnM)99859475e 035 $a(UnM)99859475 035 $a(EXLCZ)994940000000106366 100 $a19850530d1641 uy | 101 0 $aeng 135 $aurbn||||a|bb| 200 10$aTo the honourable the knights, citizens and burgesses of the Commons-House of Parliament$b[electronic resource] $ethe humble petition of sundry ministers intrusted to solicite the petition and remonstrance formerly exhibited to this Honourable House, and of many of their brethren, most humbly sheweth, .. 210 $aLondon $cPrinted for Iohn Bellamie and Ralph Smith$d1641 215 $a1 sheet ([1] p.) 300 $aAnonymous. By Cornelius Burges. 300 $aIdentified as Wing B5641 on UMI microfilm set "Early English books, 1641-1700". 300 $aReproduction of the original in the British Library. 330 $aeebo-0018 606 $aChurch and state$zGreat Britain$xHistory$y17th century 607 $aGreat Britain$xChurch history$y17th century$vEarly works to 1800 615 0$aChurch and state$xHistory 700 $aBurges$b Cornelius$f1589?-1665.$01002137 801 0$bCu-RivES 801 1$bCu-RivES 801 2$bCStRLIN 801 2$bWaOLN 906 $aBOOK 912 $a996390963003316 996 $aTo the honourable the knights, citizens and burgesses of the Commons-House of Parliament$92397776 997 $aUNISA